| 000 | 00461cam a2200193ua 4500 | ||
|---|---|---|---|
| 001 | 8110 | ||
| 008 | 150108n ii |||gr||||Z||||||hin | ||
| 040 | _cMAIN | ||
| 041 | _ahin | ||
| 082 | _a891.433 | ||
| 100 |
_aNagar, A., _eAuthor. |
||
| 245 | 1 |
_aBud aur samudra _cBy Amritlal Nagar |
|
| 250 | _a1st. | ||
| 260 |
_aIlahabad: _bKitab, _c1977. |
||
| 300 | _a376p. | ||
| 653 | _aEast Indo-European & Celtic literatures | ||
| 653 | _aHindi novels | ||
| 942 | _cBK | ||
| 999 |
_c7225 _d7225 |
||